| 000 | 00000nas 2200000za 4500 |
| 001 | 9.826729 |
| 003 | CaOODSP |
| 005 | 20221107144640 |
| 007 | cr ||||||||||| |
| 008 | 161101d19601982oncar p oss f0###a0eng|d |
| 022 | |a0575-8696 |
| 040 | |aCaOODSP|beng |
| 041 | |aeng|afre |
| 043 | |an-cn--- |
| 086 | 1 |aCS41-208-PDF |
| 245 | 00|aHardware, tool and cutlery manufacturers |h[electronic resource]. |
| 246 | 13|aManufacturiers de quincaillerie, d'outils et de coutellerie|f1968-1969 |
| 246 | 13|aFabricants de quincaillerie, d'outillage et de coutellerie|f1970-1982 |
| 260 | |a[Ottawa] : |bDominion Bureau of Statistics, Industry and Merchandising Division, |c1962-1984. |
| 310 | |aAnnual |
| 362 | 0 |a1960-1982. |
| 500 | |aDigitized edition from print [produced by Statistics Canada]. |
| 520 | |aPrincipal statistics of the hardware and tools industry in Canada, including number of plants, operating costs, number of employees, salaries, cost of materials, and value of products. |
| 546 | |aText in English only, 1960-1967; text in English and French, 1968-1982. |
| 550 | |aIssued 1961-1964 by Industry Division; 1965-1969 by Manufacturing and Primary Industries Division; 1970-1978 by Statistics Canada, Manufacturing and Primary Industries Division; 1979-1982 by Machinery, Wood and Metal Products Section. |
| 692 | 07|2gccst|aManufacturing industry |
| 692 | 07|2gccst|aStatistics |
| 710 | 1 |aCanada. |bDominion Bureau of Statistics. |bIndustry and Merchandising Division. |
| 710 | 1 |aCanada. |bDominion Bureau of Statistics. |bIndustry Division. |
| 710 | 1 |aCanada. |bDominion Bureau of Statistics. |bManufacturing and Primary Industries Division. |
| 710 | 1 |aCanada. |bStatistics Canada. |bMachinery, Wood and Metal Products Section. |
| 710 | 1 |aCanada. |bStatistics Canada. |bManufacturing and Primary Industries Division. |
| 780 | 00|tThe hardware, tools and cutlery industry |w(CaOODSP)9.826728 |
| 785 | 00|tHardware, tool and cutlery industries |w(CaOODSP)9.826733 |
| 792 | |tHardware, tool and cutlery manufacturers |efre|w(CaOODSP)9.826731 |